000 00256nam a2200109 a 4500
005 20140513081051.0
008 020606s19uu xx 00 eng d
050 _aP 641.4
_bDIS
245 _aDisease carriers.
650 _aDiseases--Poster
999 _c116314
_d116314